The rough guide to Boston (Record no. 68143)

MARC details
000 -LEADER
fixed length control field 00521nam a2200193Ia 4500
008 - FIXED-LENGTH DATA ELEMENTS--GENERAL INFORMATION
fixed length control field 191130s2008##################000#0#eng##
020 ## - INTERNATIONAL STANDARD BOOK NUMBER
ISBN 9781843538608
082 ## - DEWEY DECIMAL CLASSIFICATION NUMBER
Classification number 917.44610 HUL
100 ## - MAIN ENTRY--AUTHOR NAME
Personal name Hull, Sarah
245 ## - TITLE STATEMENT
Title The rough guide to Boston
Statement of responsibility, etc Sarah Hull
250 ## - EDITION STATEMENT
Edition statement 5th ed
260 ## - PUBLICATION, DISTRIBUTION, ETC. (IMPRINT)
Place of publication London
Name of publisher Rough Guides
Year of publication 2008
300 ## - PHYSICAL DESCRIPTION
Number of Pages 319 p . ; coll ill . , col map
650 ## - SUBJECT ADDED ENTRY--TOPICAL TERM
Topical Term Massachusetts--Boston
991 ## -
-- 128995
Holdings
Withdrawn status Lost status Damaged status Not for loan Home library Current library Shelving location Date acquired Full call number Accession Number Price effective from Koha item type
        Anna Centenary Library Anna Centenary Library 7TH FLOOR, B WING 09.10.2020 917.44610 HUL 416859 09.10.2020 English Books

Find us on the map